| 000 | 00671nam a2200193 a 4500 | ||
|---|---|---|---|
| 008 | 100128s1987 ||||||||||||||||| || u | ||
| 020 | _a0313247889 | ||
| 050 | _aJC 571 Int | ||
| 100 | _aHoward, Rhoda E | ||
| 245 | 1 | 0 |
_aInternational handbook on human rights _cedited by Jack Donnelly; Rhoda E. Howard |
| 260 |
_aNew York _bGreenwood Press _c1987 |
||
| 300 | _ax, 495p. | ||
| 350 | _a0.00 | ||
| 650 | 0 | _aHUMAN RIGHTS | |
| 650 | _aRIGHTS | ||
| 650 | _aCIVIL RIGHTS | ||
| 700 | _aDonnelly, Jack | ||
| 995 |
_D0.00 _FCBU-MAIN LIBRARY (Kitwe) _H1 _I0.00 _M1 _UAVAILABLE _WJan 28, 2010 _ZMain Library Open Access Collection |
||
| 999 |
_c47394 _d47394 |
||